| 000 | 00857nas a2200289 4500 | ||
|---|---|---|---|
| 001 | BR0405687 | ||
| 003 | BR-BrBNA | ||
| 005 | 20231205105014.0 | ||
| 007 | ta | ||
| 008 | 230509b bl.|||p| |||| 00| 00por d | ||
| 040 |
_aBR-BrBNA _bpor _cBiblioteca Nacional de Agricultura |
||
| 041 | _a(En) | ||
| 072 | _aF60 | ||
| 100 | 1 | _aVieira, A.A.H. | |
| 100 | 1 | _aColombo, V. | |
| 100 | 1 | _aRocha, O. | |
| 245 | 1 | _aRelease of extracellular carbohydrate by Peridinium willei (Dinophyceae)under different irradiances | |
| 650 | _aALGA MARINHA | ||
| 650 | _aPOLISSACARÍDEO | ||
| 650 | _aCARBONO | ||
| 650 | _aCRESCIMENTO | ||
| 650 | _aCONDIÇÃO AMBIENTAL | ||
| 650 | _aBIOQUÍMICA VEGETAL | ||
| 773 | 0 |
_tHoehnea (Brazil) _xISSN 0073-2877 _g(Dec 2002), v. 29(3) p. 241-247 _wBR0405687 |
|
| 909 |
_a202311 _bLúcia _c55 _dLúcia Elande |
||
| 942 |
_2AGRIS _n0 _cANA |
||
| 999 |
_c180740 _d180740 |
||